[Event "Brasov GP RO"]
[Site "Brasov"]
[Date "2023.07.17"]
[Round "3"]
[White "David, Alexandru Vasile"]
[Black "Muntean, Victor"]
[Result "1-0"]
[WhiteElo "2392"]
[BlackElo "2097"]
[PlyCount "59"]
[EventDate "2023.07.16"]
[EventType "swiss"]
[EventRounds "9"]
[EventCountry "ROU"]
[SourceTitle "CBM 215 Extra"]
[Source "ChessBase"]
[SourceDate "2023.09.30"]
[SourceVersion "1"]
[SourceVersionDate "2023.09.30"]
[SourceQuality "1"]

1. d4 d5 2. c4 dxc4 3. e3 e5 4. Bxc4 exd4 5. exd4 Nf6 6. Nf3 Bd6 7. 0-0 0-0 8. Nc3 Nbd7 9. Bb3 Nb6 10. Bg5 h6 11. Bh4 Re8 12. Re1 Rxe1+ 13. Qxe1 g5 14. Bg3 c6 15. Ne5 Nbd5 16. Qe2 Be6 17. Re1 Qe7 18. h4 Re8 19. hxg5 hxg5 20. Qd1 Bb4 21. Qf3 Bg4 22. Qd3 Qe6 23. Qd2 Nh7 24. Bxd5 cxd5 25. Nd3 Bxc3 26. Rxe6 Bxd2 27. Rxe8+ Kg7 28. Re7 Ba5 29. Rxb7 Bb6 30. Bc7 1-0

[Event "Skara Vastgota op"]
[Site "Skara"]
[Date "2023.02.18"]
[Round "2"]
[White "Kucuksari, Kaan"]
[Black "Muntean, Victor"]
[Result "1-0"]
[WhiteElo "2507"]
[BlackElo "2096"]
[PlyCount "45"]
[EventDate "2023.02.18"]
[EventType "swiss"]
[EventRounds "9"]
[EventCountry "SWE"]
[SourceTitle "CBM 212 Extra"]
[Source "ChessBase"]
[SourceDate "2023.03.31"]
[SourceVersion "1"]
[SourceVersionDate "2023.03.31"]
[SourceQuality "1"]

1. d4 Nf6 2. Bf4 g6 3. Nc3 Bg7 4. e4 d6 5. Qd2 Nh5 6. Bg5 h6 7. Be3 e5 8. 0-0-0 exd4 9. Bxd4 Bxd4 10. Qxd4 0-0 11. h4 Nc6 12. Qd2 Kh7 13. Be2 Ng7 14. f4 h5 15. Nf3 f6 16. Bd3 Bg4 17. Nd5 Ne7 18. Ne3 Bxf3 19. gxf3 f5 20. Rhg1 fxe4 21. fxe4 Rxf4 22. Nf5 Rg4 23. Qh6+ 1-0

[Event "Uppsala Young Champions 8th"]
[Site "Uppsala"]
[Date "2021.10.29"]
[Round "1"]
[White "Muntean, Victor"]
[Black "Kusa, Jakub"]
[Result "0-1"]
[WhiteElo "1864"]
[BlackElo "2303"]
[PlyCount "74"]
[EventDate "2021.10.29"]
[EventType "swiss"]
[EventRounds "9"]
[EventCountry "SWE"]
[SourceTitle "CBM 205 Extra"]
[Source "ChessBase"]
[SourceDate "2022.01.31"]
[SourceVersion "1"]
[SourceVersionDate "2022.01.31"]
[SourceQuality "1"]

1. e4 e5 2. Nf3 Nc6 3. Bc4 Bc5 4. c3 Nf6 5. d4 exd4 6. e5 d5 7. Bb5 Ne4 8. cxd4 Bb6 9. Nc3 0-0 10. Be3 Bg4 11. Bxc6 bxc6 12. h3 Bh5 13. Nxe4 dxe4 14. g4 exf3 15. gxh5 f6 16. Qb3+ Qd5 17. Qxd5+ cxd5 18. 0-0-0 fxe5 19. dxe5 Bxe3+ 20. fxe3 c6 21. e4 dxe4 22. Kd2 Rae8 23. Ke3 Rxe5 24. h6 g6 25. Rd4 Rfe8 26. Re1 Kf7 27. Rc1 R5e6 28. Rdc4 Kf6 29. Rxc6 Kg5 30. Rxe6 Rxe6 31. b4 Re7 32. b5 Kh4 33. Rg1 Kxh3 34. a4 Rf7 35. Rf1 Kg2 36. Rf2+ Kg1 37. a5 g5 0-1

[Event "Uppsala Young Champions 7th"]
[Site "Uppsala"]
[Date "2020.10.26"]
[Round "6"]
[White "Muntean, Victor"]
[Black "Nilssen, Ellen Fredericia"]
[Result "0-1"]
[WhiteElo "1968"]
[BlackElo "2209"]
[PlyCount "60"]
[EventDate "2020.10.23"]
[EventType "swiss"]
[EventRounds "9"]
[EventCountry "SWE"]
[SourceTitle "CBM 199 Extra"]
[Source "ChessBase"]
[SourceDate "2021.01.31"]
[SourceVersion "1"]
[SourceVersionDate "2021.01.31"]
[SourceQuality "1"]

1. e4 e6 2. d4 d5 3. e5 c5 4. c3 Nc6 5. Nf3 Bd7 6. Bd3 Rc8 7. dxc5 Bxc5 8. b4 Bb6 9. 0-0 Nge7 10. Na3 Ng6 11. Bxg6 hxg6 12. Nb5 Bc7 13. Nd6+ Bxd6 14. exd6 Qf6 15. Bg5 Qxc3 16. b5 Ne5 17. Rc1 Nxf3+ 18. Qxf3 Qxf3 19. Rxc8+ Bxc8 20. gxf3 f6 21. Rc1 Kd7 22. Be3 Kxd6 23. Bc5+ Ke5 24. Bxa7 Bd7 25. Rc7 Bxb5 26. Rxb7 Be2 27. Kg2 Ra8 28. a4 d4 29. Rd7 d3 30. a5 Rxa7 0-1

[Event "Uppsala Young Champions 7th"]
[Site "Uppsala"]
[Date "2020.10.24"]
[Round "3"]
[White "Ostensson, Julia"]
[Black "Muntean, Victor"]
[Result "0-1"]
[WhiteElo "1562"]
[BlackElo "1968"]
[PlyCount "104"]
[EventDate "2020.10.23"]
[EventType "swiss"]
[EventRounds "9"]
[EventCountry "SWE"]
[SourceTitle "CBM 199 Extra"]
[Source "ChessBase"]
[SourceDate "2021.01.31"]
[SourceVersion "1"]
[SourceVersionDate "2021.01.31"]
[SourceQuality "1"]

1. e4 e5 2. Nf3 Nc6 3. Bb5 a6 4. Ba4 Nf6 5. d3 b5 6. Bb3 d6 7. c3 Be7 8. Nbd2 h6 9. Qe2 Na5 10. Bc2 c5 11. h3 Be6 12. Nf1 Nc6 13. Ng3 Qc7 14. 0-0 0-0-0 15. c4 g5 16. cxb5 axb5 17. Bb3 g4 18. Bxe6+ fxe6 19. hxg4 Nxg4 20. d4 exd4 21. Qxb5 h5 22. b4 d5 23. exd5 Rxd5 24. Qa6+ Kd7 25. Re1 h4 26. Qe2 Nce5 27. Nxe5+ Rxe5 28. Ne4 Ne3 29. Nxc5+ Bxc5 30. fxe3 Bxb4 31. Rd1 Bc3 32. Bb2 h3 33. Bxc3 Qxc3 34. Qd2 h2+ 35. Kh1 Qxe3 36. Qxe3 Rxe3 37. Rxd4+ Ke7 38. Rd2 Kf6 39. Rf1+ Kg5 40. Rdf2 Rh5 41. Rc2 e5 42. Rcf2 Kg4 43. Rc2 e4 44. Rcf2 Kg3 45. Rf6 Rg5 46. R6f4 Re2 47. a4 Rxg2 48. Rf7 Re2 49. Ra7 e3 50. Raf7 Rf2 51. R7xf2 exf2 52. a5 Kf3 0-1

[Event "Uppsala Young Champions 7th"]
[Site "Uppsala"]
[Date "2020.10.23"]
[Round "1"]
[White "Nemec, Jachym"]
[Black "Muntean, Victor"]
[Result "1-0"]
[WhiteElo "2246"]
[BlackElo "1968"]
[PlyCount "83"]
[EventDate "2020.10.23"]
[EventType "swiss"]
[EventRounds "9"]
[EventCountry "SWE"]
[SourceTitle "CBM 199 Extra"]
[Source "ChessBase"]
[SourceDate "2021.01.31"]
[SourceVersion "1"]
[SourceVersionDate "2021.01.31"]
[SourceQuality "1"]

1. d4 Nf6 2. c4 g6 3. Nc3 Bg7 4. e4 d6 5. Nf3 0-0 6. Be2 e5 7. d5 Nbd7 8. Bg5 Qe8 9. Nd2 h6 10. Be3 Nxe4 11. Ndxe4 f5 12. Nb5 Qd8 13. Nec3 a6 14. Na3 f4 15. Bd2 e4 16. Nxe4 Bxb2 17. Nc2 Bxa1 18. Qxa1 Ne5 19. Nd4 Bf5 20. Nxf5 Rxf5 21. Qd4 f3 22. gxf3 Qh4 23. f4 Re8 24. fxe5 Rfxe5 25. Rg1 Qxe4 26. Qxe4 Rxe4 27. Be3 g5 28. Kd2 c6 29. Rb1 Rh4 30. Bf3 g4 31. dxc6 gxf3 32. cxb7 Rb8 33. Ba7 Rxb7 34. Rxb7 Rxc4 35. Ke3 Rc3+ 36. Kf4 Ra3 37. Kf5 Rxa2 38. Be3 a5 39. Bxh6 Re2 40. Bg5 Kf8 41. Be3 a4 42. Ke4 1-0

[Event "Nordic-ch U17"]
[Site "Fredericia"]
[Date "2020.02.14"]
[Round "2"]
[White "Aalto, Patrik"]
[Black "Muntean, Victor"]
[Result "1-0"]
[WhiteElo "2080"]
[BlackElo "1960"]
[PlyCount "57"]
[EventDate "2020.02.14"]
[EventType "swiss"]
[EventRounds "6"]
[EventCountry "DEN"]
[SourceTitle "EXT 2021"]
[Source "ChessBase"]
[SourceDate "2020.10.23"]
[SourceVersion "1"]
[SourceVersionDate "2020.10.23"]
[SourceQuality "1"]

1. d4 Nf6 2. Nc3 g6 3. e4 d6 4. f4 Bg7 5. Nf3 0-0 6. Be3 Ng4 7. Bg1 e5 8. dxe5 dxe5 9. h3 Nh6 10. Qxd8 Rxd8 11. Nxe5 Bxe5 12. fxe5 c6 13. g4 Kg7 14. g5 Ng8 15. Bc4 Nd7 16. 0-0-0 Re8 17. Rf1 Re7 18. Bd4 c5 19. e6+ cxd4 20. exf7 Nh6 21. gxh6+ Kf8 22. Nd5 Rxe4 23. Re1 Re5 24. Rhf1 Rb8 25. Rxe5 Nxe5 26. Nf6 Bf5 27. Nxh7+ Ke7 28. f8Q+ Rxf8 29. Nxf8 1-0

[Event "Uppsala Young Champions"]
[Site "Uppsala"]
[Date "2019.10.30"]
[Round "9"]
[White "Muntean, Victor"]
[Black "Wernberg, Hugo"]
[Result "0-1"]
[WhiteElo "2020"]
[BlackElo "2006"]
[PlyCount "50"]
[EventDate "2019.10.25"]
[EventType "swiss"]
[EventRounds "9"]
[EventCountry "SWE"]
[SourceTitle "CBM 192 Extra"]
[Source "Chessbase"]
[SourceDate "2019.11.06"]
[SourceVersion "1"]
[SourceVersionDate "2019.11.06"]
[SourceQuality "1"]

1. e4 c5 2. c3 g6 3. Nf3 Bg7 4. d4 cxd4 5. cxd4 d5 6. e5 Nh6 7. Nc3 0-0 8. Qb3 Nc6 9. Qxd5 Bg4 10. Be3 Qxd5 11. Nxd5 Rad8 12. Nc3 Bxf3 13. gxf3 Nxd4 14. 0-0-0 Nxf3 15. e6 Rxd1+ 16. Kxd1 fxe6 17. Bc4 Nd4 18. Ne2 Nhf5 19. Nf4 Rd8 20. Ke1 Rc8 21. b3 b5 22. Be2 Nc2+ 23. Kf1 Ncxe3+ 24. fxe3 Rc1+ 25. Kg2 Nxe3+ 0-1

[Event "Uppsala Young Champions"]
[Site "Uppsala"]
[Date "2019.10.28"]
[Round "5"]
[White "Muntean, Victor"]
[Black "Grahn, Vidar"]
[Result "1-0"]
[WhiteElo "2020"]
[BlackElo "1926"]
[PlyCount "93"]
[EventDate "2019.10.25"]
[EventType "swiss"]
[EventRounds "9"]
[EventCountry "SWE"]
[SourceTitle "CBM 192 Extra"]
[Source "Chessbase"]
[SourceDate "2019.11.06"]
[SourceVersion "1"]
[SourceVersionDate "2019.11.06"]
[SourceQuality "1"]

1. e4 c5 2. c3 d5 3. exd5 Qxd5 4. d4 Nc6 5. Nf3 Bg4 6. Be2 cxd4 7. cxd4 e6 8. Nc3 Qa5 9. 0-0 Nf6 10. h3 Bh5 11. Qb3 Qb4 12. Qxb4 Bxb4 13. Be3 0-0 14. a3 Be7 15. Rfd1 Rfd8 16. Rac1 Rac8 17. Na4 Nd5 18. Nc5 Bxc5 19. dxc5 Nxe3 20. fxe3 Ne7 21. b4 a6 22. Kf2 Nd5 23. Rd4 Kf8 24. g4 Bg6 25. Ne5 Ne7 26. Rcd1 Rxd4 27. Rxd4 Ke8 28. Nc4 e5 29. Rd1 Rd8 30. Nd6+ Kf8 31. Nxb7 Rxd1 32. Bxd1 Bd3 33. Be2 Bxe2 34. Kxe2 Nc6 35. Kd3 Ke7 36. Kc4 Ke6 37. b5 axb5+ 38. Kxb5 Kd7 39. Kb6 g6 40. Nd6 f6 41. Ne4 f5 42. gxf5 gxf5 43. Nf6+ Ke6 44. Kxc6 Kxf6 45. Kd5 e4 46. c6 f4 47. Kxe4 1-0